000 00903nam a2200277 i 4500
001 57177
003 ES-MaACL
005 20250728101251.0
007 t|
008 031015s1955 sp |||| | spa d
080 _a008(100)"18"
080 _a165.73
080 _a94:23
100 1 _aDonoso Cortés, Juan,
_d1809-1853
_945341
245 1 4 _aLos errores de nuestro tiempo /
_cJuan Donoso Cortés.
260 _a[Madrid] :
_bFeria Nacional del Libro,
_c1955 (
_fHenche)
300 _a45 p. ;
_c18 cm.
594 _aRecoge el texto de la carta al Cardenal Fornari, que sirvió para los trabajos preparatorios del "Syllabus"
595 _aEd. no venal.
650 4 _aNaturalismo.
_915488
650 4 _aCivilización-
_yS.XIX.
_9146955
650 7 _aHistoria-
_xAspectos religiosos
_2
_9146956
650 4 _aTeodicea.
_9142961
852 _aES-MaACL
_j2030-F-12
999 _c57177
_d57177